[Event "Krakow op-B 32nd"]
[Site "Krakow"]
[Date "2021.12.29"]
[Round "3"]
[White "Alagappan, Sai"]
[Black "Dziewonski, Dariusz"]
[Result "1/2-1/2"]
[WhiteElo "1959"]
[BlackElo "2064"]
[PlyCount "74"]
[EventDate "2021.12.27"]
[EventType "swiss"]
[EventRounds "9"]
[EventCountry "POL"]
[SourceTitle "EXT 2023"]
[Source "ChessBase"]
[SourceDate "2022.10.05"]
[SourceVersion "1"]
[SourceVersionDate "2022.10.05"]
[SourceQuality "1"]

1. d4 d5 2. Nf3 Nf6 3. Bf4 c5 4. c3 Qb6 5. Qb3 Nc6 6. e3 c4 7. Qxb6 axb6 8. Na3 Bf5 9. Be2 e6 10. Nb5 Ra5 11. a4 Be7 12. Bc7 Nd7 13. Nd2 Bc2 14. Bd1 Bxd1 15. Kxd1 Na7 16. Kc2 Nxb5 17. axb5 0-0 18. Rxa5 bxa5 19. b6 a4 20. Ra1 Ra8 21. e4 f6 22. Nf1 g6 23. Ne3 Ra5 24. f4 f5 25. exd5 exd5 26. g4 fxg4 27. Nxg4 Ra6 28. Re1 Kf8 29. Ne5 Nxe5 30. fxe5 Kf7 31. Re3 Ke6 32. Rh3 h5 33. Rf3 a3 34. bxa3 Rxa3 35. Kb2 Rb3+ 36. Kc2 Ra3 37. Kb2 Rb3+ 1/2-1/2

[Event "Krakow op-B 32nd"]
[Site "Krakow"]
[Date "2021.12.28"]
[Round "2"]
[White "Alagappan, Sai"]
[Black "Mierins, Emils Janis"]
[Result "1-0"]
[WhiteElo "1959"]
[BlackElo "2065"]
[PlyCount "47"]
[EventDate "2021.12.27"]
[EventType "swiss"]
[EventRounds "9"]
[EventCountry "POL"]
[SourceTitle "EXT 2023"]
[Source "ChessBase"]
[SourceDate "2022.10.05"]
[SourceVersion "1"]
[SourceVersionDate "2022.10.05"]
[SourceQuality "1"]

1. d4 Nf6 2. Nf3 c5 3. c3 g6 4. Bg5 Bg7 5. Nbd2 d5 6. e3 0-0 7. Bd3 Nc6 8. 0-0 Qb6 9. Qb3 c4 10. Qxb6 axb6 11. Bc2 Bf5 12. Bxf5 gxf5 13. Ne5 Nxe5 14. dxe5 Nd7 15. Bxe7 Rfe8 16. Bf6 Bxf6 17. exf6 Nxf6 18. Rfd1 Ra5 19. a3 Ne4 20. Nf3 Kg7 21. Nd4 Kf6 22. Nc2 Ke6 23. Rd4 Rb5 24. Rxe4+ 1-0